| 000 | 00547cam a22002171 4500 | ||
|---|---|---|---|
| 001 | sa 68000291 | ||
| 003 | DLC | ||
| 005 | 20260227112422.0 | ||
| 008 | 890509s1962 np 000 0 newo | ||
| 010 | _asa 68000291 | ||
| 035 | _a(OCoLC)19682833 | ||
| 040 |
_aDLC _cWaU _dDLC |
||
| 042 | _apremarc | ||
| 050 | 0 | 0 |
_aPL3801.N59 _bJ65 |
| 100 | 1 |
_aJośī, Satyamohana, _d1920- |
|
| 245 | 1 | 0 | _aKhan̐tvā va kham̐bhāy. |
| 260 | _c1082 [1962 or 3] | ||
| 300 |
_a3, 149 p. _c18 cm. |
||
| 500 | _aIn Newari. | ||
| 650 | 0 |
_aNewari language _xIdioms. |
|
| 999 |
_c77099 _d77099 |
||